xanny - Billie Eilish (Lyrics) - Statistics

General Stats
  • This quiz has been taken 260 times
  • The average score is 154 of 202
Answer Stats
Lyrics % Correct
I
99%
a
98%
be
96%
to
96%
Better
95%
better
95%
don't
95%
Don't
95%
the
95%
xanny
95%
feel
92%
is
92%
need
92%
in
91%
about
90%
it
90%
me
89%
They
89%
they
89%
What
89%
just
88%
On
88%
on
88%
them?
88%
them
88%
not
87%
something
86%
must
85%
nothing
85%
I'm
84%
missing
83%
second
82%
Too
82%
without
82%
doing
81%
give
81%
off
81%
ever
80%
hand
80%
keep
80%
now
80%
Still
80%
Coke
79%
drinking
79%
or
79%
Who
79%
scared
78%
smoke
78%
canned
76%
intoxicated
76%
only
76%
Only
76%
Please
73%
table
73%
They're
73%
try
73%
And
71%
but
71%
kiss
71%
as
70%
Bring
70%
sidewalk
70%
thing
69%
your
68%
their
65%
Their
65%
unstable
65%
that's
64%
one
63%
down
62%
down,
62%
mistake
61%
share
61%
who's
61%
at
60%
can't
60%
come
59%
Come
59%
hurting
59%
are
58%
learning
58%
Learning
58%
Silver
58%
stoned
57%
break
56%
cigarette
56%
someone
56%
ashtrays
55%
isn't
55%
afford
54%
by
54%
designated
54%
heads
54%
love
54%
pretty
54%
dying
52%
home
52%
Lake
52%
party
52%
bad
50%
Morning
50%
every
48%
late
48%
up
48%
sundown
47%
awfully
46%
drives
46%
sorry
46%
Waking
45%
Nobody's
44%
circumstance
40%
same
37%
blame
36%
dance
36%
Make
36%
inebriated
35%
mistakes,
34%
No matching quizzes found
Score Distribution
Percent of People with Each Score
Percentile by Number Answered
Your Score History
You have not taken this quiz